000 01192nam0a2200313 4500
001 RU\NLR\BIBL_A\022209614
005 20250625161141.0
010 _a978-5-907774-68-1
_9100
035 _a(NLR Aleph) 022209614
090 _a13069395
_c13069395
100 _a20240427d2024 |||y0rusy50 ca
101 0 _arus
102 _aRU
105 _aac z 000gy
181 0 _ai
_baxxe
182 0 _an
200 1 _aНебо Гипербореи
_eсборник стихотворений
_fДмитрий Поваляев
203 _aТекст
_bвизуальный
_cнепосредственный
210 _aСанкт-Петербург
_cЧетыре
_d2024
215 _a86, [5] с.
_cил., портр.
_d21
327 1 _aСодерж.: Лирика; Элегия времён года; Небо Гипербореи. Мистерии и эзотерика; Хокку, танка (поэтические стилизации)
333 _a16+
686 2 _aШ6(2=Р)8-5
700 1 _aПоваляев
_bД. В.
_gДмитрий Владимирович
942 _cBOOK
980 _aNB